| 000 | 00000nam##2200000za#4500 |
| 001 | 9.571949 |
| 003 | CaOODSP |
| 005 | 20210624182957 |
| 007 | cr ||||||||||| |
| 008 | 150406|1998||||xxc|||||o f|0| 0 eng|d |
| 040 | |aCaOODSP|beng |
| 043 | |an-cn--- |
| 086 | 1 |aC21-27/1-1998-3E-PDF |
| 110 | 1 |aCanada. |bIndustry Canada. |
| 245 | 10|aNorth American economic integration : |h[electronic resource]|b25 years backward and forward / |cby Gary C. Hufbauer and Jeffrey J. Schott. |
| 260 | |aOttawa - Ontario : |bIndustry Canada |cNovember 1998. |
| 300 | |a84p.|bgraphs, references, tables |
| 490 | 1 |aCanada in the 21st century. I, Scene setting|vNo. 3 |
| 500 | |aThe catalogue number (C21-27/1-1998-3) and ISBN (0-662-63776-3) for the bilingual print edition have been incorrectly copied in this electronic publication. |
| 590 | |a11-24-Supp|b2011-10-24 |
| 690 | 07|aCanadian-American relations|2gcpds |
| 690 | 07|aEconomic policy|2gcpds |
| 690 | 07|aFree trade|2gcpds |
| 720 | 1 |aHufbauer, Gary |
| 720 | 1 |aSchott, Jeffrey J. |
| 775 | 08|tL'intégration économique de l'Amérique du nord : |w(CaOODSP)9.602369 |
| 776 | 0#|tL'intégration économique de l'Amérique du nord : |w(CaOODSP)9.531221 |
| 776 | 0#|tNorth American economic integration : |w(CaOODSP)9.531220 |
| 830 | #0|aCanada in the 21st century. I, Scene setting ;|vNo. 3|w(CaOODSP)9.506521 |
| 856 | 40|ahttp://publications.gc.ca|qPDF|s235 KB|uhttps://publications.gc.ca/collections/Collection/C21-27-1-1998-3E.pdf|yNo. 3 |